Economía doméstica (5º y 6º Curso).

Saved in:
Bibliographic Details
Main Author: Sección Femenina FET y JONS. Autoría
Format: Unknown
Language:Spanish
Published: Madrid 1961
Textbook Catalogue:MANES:  Library Catalog Search Result
Textbook Classification:
Tags: Add Tag
No Tags, Be the first to tag this record!
Added to:2016-04-26

MARC

LEADER 000000000a22000000004500
001 10661
003 OSt
008 160427s sp ||||| |||| 00| 0 spa d
040 |c centro_manes 
041 1 |a spa 
691 0 |a SE 
100 1 |a Sección Femenina FET y JONS. Autoría  |9 4906 
245 0 0 |a Economía doméstica (5º y 6º Curso). 
260 3 |a Madrid  |c 1961 
300 |a 376 p.  |c 22 x 16,5 cm 
690 7 |a CS 
942 |2 ddc  |c BK 
546 |a España 
999 |c 16635  |d 16635 
999 |c manes:16635  |d 16635